La ruta Deming: a la calidad y la productividad, vías y barreras

保存先:
書誌詳細
第一著者: Scherkenbach, William W (著者)
フォーマット: 図書
言語:スペイン語
出版事項: Ciudad de México Cecsa 1992
版:1a. ed
主題:
タグ: タグ追加
タグなし, このレコードへの初めてのタグを付けませんか!

MARC

LEADER 00000cam a2200000 a 4500
001 UCE9518
003 CL-VaPUC
008 151022e19920000mx |||||||||||||||||spa|d
020 |a 9682612179 
082 0 4 |a 658.562  |b SCH  |2 21 
100 0 |a Scherkenbach, William W  |e author  |9 582372 
245 1 3 |a La ruta Deming: a la calidad y la productividad, vías y barreras 
250 |a 1a. ed 
300 |a 167 p 
942 |c BK 
945 |d 20151022 17:18:00  |a gsalatino 
260 |a Ciudad de México  |b Cecsa  |c 1992 
600 0 7 |a DEMING, WILLIAM EDWARDS  |2 CL-VaPUC  |9 332585 
650 0 |a Control de calidad   |9 259714 
583 |a last modification  |c 20151027 03:24:03  |k Rodrigo Vera 
999 |c 361182  |d 361180 
952 |0 0  |1 0  |3 erb  |4 0  |6 658_562000000000000_SCH_1992  |7 0  |8 A  |9 471546  |a BIBGIM  |b BIBGIM  |i 5207207  |o 658.562 SCH 1992  |p 5207207  |r 2025-01-15  |w 2019-11-24  |y BK  |z Catalogado en:20151022  |k EST